[Event "SRB-chT2 West"]
[Site "Arandjelovac"]
[Date "2018.10.06"]
[Round "10.5"]
[White "Djokic, Mihailo"]
[Black "Cirakovic, Ivan"]
[Result "1-0"]
[WhiteElo "2127"]
[BlackElo "2157"]
[PlyCount "51"]
[EventDate "2018.09.07"]
[EventType "team-tourn"]
[EventRounds "11"]
[EventCountry "SRB"]
[SourceTitle "EXT 2021"]
[Source "ChessBase"]
[SourceDate "2020.10.23"]
[SourceVersion "1"]
[SourceVersionDate "2020.10.23"]
[SourceQuality "1"]
[WhiteTeam "Prijepolje Priko"]
[BlackTeam "Arandjelovac"]
[WhiteTeamCountry "SRB"]
[BlackTeamCountry "SRB"]

1. e4 c5 2. Nf3 Nc6 3. d4 cxd4 4. Nxd4 g6 5. Nc3 Bg7 6. Be3 Qa5 7. Qd2 Nf6 8. Nb3 Qd8 9. f3 d6 10. 0-0-0 Be6 11. Nd4 Nxd4 12. Bxd4 0-0 13. Kb1 a6 14. h4 b5 15. g4 b4 16. Nd5 Bxd5 17. exd5 a5 18. h5 Qc7 19. Qh2 Rfc8 20. hxg6 hxg6 21. Bd3 a4 22. Qh4 Qb7 23. Rd2 b3 24. Rdh2 bxc2+ 25. Bxc2 Kf8 26. Qh8+ 1-0

[Event "SRB-chT2 West"]
[Site "Arandjelovac"]
[Date "2018.10.04"]
[Round "6.6"]
[White "Cirakovic, Ivan"]
[Black "Knezevic, Veljko"]
[Result "1/2-1/2"]
[WhiteElo "2157"]
[BlackElo "2086"]
[PlyCount "94"]
[EventDate "2018.09.07"]
[EventType "team-tourn"]
[EventRounds "11"]
[EventCountry "SRB"]
[SourceTitle "EXT 2021"]
[Source "ChessBase"]
[SourceDate "2020.10.23"]
[SourceVersion "1"]
[SourceVersionDate "2020.10.23"]
[SourceQuality "1"]
[WhiteTeam "Arandjelovac"]
[BlackTeam "Uzice Sloboda"]
[WhiteTeamCountry "SRB"]
[BlackTeamCountry "SRB"]

1. e4 c5 2. Nc3 Nc6 3. g3 g6 4. Bg2 Bg7 5. d3 Nf6 6. Nf3 d6 7. 0-0 0-0 8. h3 Rb8 9. Be3 e5 10. Qd2 Nd4 11. Ne1 b5 12. Bg5 Qa5 13. f4 Nh5 14. Be7 Nxg3 15. Rf2 Rd8 16. f5 Nc6 17. Bh4 Nh5 18. Bxd8 Qxd8 19. Nd5 Nb4 20. fxg6 hxg6 21. Nxb4 cxb4 22. Qe3 a5 23. a3 bxa3 24. Rxa3 Be6 25. Bf3 Nf4 26. Bg4 Bxg4 27. hxg4 Qh4 28. Rh2 Qxg4+ 29. Kf1 a4 30. b3 axb3 31. Rxb3 Bf6 32. Qf3 Qc8 33. Rb1 b4 34. Rb3 Qc6 35. Rf2 Bh4 36. Rh2 Bf6 37. Rf2 Bh4 38. Rh2 Bf6 39. Rf2 Qc5 40. Ng2 Bg5 41. Ne3 Ra8 42. Rb1 Ra2 43. Nc4 Be7 44. Qe3 Qc8 45. Qf3 Qc5 46. Qe3 Qc8 47. Qf3 Qc5 1/2-1/2

[Event "SRB-chT2 West"]
[Site "Arandjelovac"]
[Date "2018.09.09"]
[Round "4.3"]
[White "Markovic, Dragan P"]
[Black "Cirakovic, Ivan"]
[Result "1/2-1/2"]
[WhiteElo "2206"]
[BlackElo "2157"]
[PlyCount "96"]
[EventDate "2018.09.07"]
[EventType "team-tourn"]
[EventRounds "11"]
[EventCountry "SRB"]
[SourceTitle "EXT 2021"]
[Source "ChessBase"]
[SourceDate "2020.10.23"]
[SourceVersion "1"]
[SourceVersionDate "2020.10.23"]
[SourceQuality "1"]
[WhiteTeam "Loznica Grad"]
[BlackTeam "Arandjelovac"]
[WhiteTeamCountry "SRB"]
[BlackTeamCountry "SRB"]

1. e4 c5 2. c3 d5 3. exd5 Qxd5 4. d4 Nc6 5. Be3 cxd4 6. cxd4 e6 7. a3 Nf6 8. Nc3 Qd8 9. Bc4 Be7 10. Nf3 0-0 11. 0-0 a6 12. b4 Nd5 13. Nxd5 exd5 14. Be2 Bf6 15. Qb3 Bg4 16. Rfd1 Qd6 17. Rac1 Ne7 18. Rc5 b6 19. Rc3 Nf5 20. Qc2 Nxe3 21. fxe3 Bd7 22. Bd3 g6 23. e4 dxe4 24. Bxe4 Rac8 25. Rxc8 Rxc8 26. Qd2 Ba4 27. Rf1 Rc4 28. Bd3 Rc7 29. Kh1 b5 30. Rc1 Rxc1+ 31. Qxc1 Bxd4 32. Nxd4 Qxd4 33. Be2 Bb3 34. Bf3 Bc4 35. h3 Kg7 36. Bb7 Qb6 37. Qc3+ Kg8 38. Qf3 a5 39. bxa5 Qxa5 40. Qe3 Qc7 41. Bf3 Qd6 42. Qc3 Qf4 43. Kg1 h5 44. Qe1 Qd4+ 45. Kh1 Kg7 46. Qc1 Kg8 47. Kh2 Qd3 48. Qb2 Bb3 1/2-1/2

[Event "SRB-chT2 West"]
[Site "Arandjelovac"]
[Date "2018.09.07"]
[Round "1.2"]
[White "Mikluc, Davorin"]
[Black "Cirakovic, Ivan"]
[Result "1/2-1/2"]
[WhiteElo "2154"]
[BlackElo "2157"]
[PlyCount "67"]
[EventDate "2018.09.07"]
[EventType "team-tourn"]
[EventRounds "11"]
[EventCountry "SRB"]
[SourceTitle "EXT 2021"]
[Source "ChessBase"]
[SourceDate "2020.10.23"]
[SourceVersion "1"]
[SourceVersionDate "2020.10.23"]
[SourceQuality "1"]
[WhiteTeam "Smederevo"]
[BlackTeam "Arandjelovac"]
[WhiteTeamCountry "SRB"]
[BlackTeamCountry "SRB"]

1. e4 c5 2. Nf3 Nc6 3. d4 cxd4 4. Nxd4 g6 5. Nxc6 bxc6 6. Qd4 Nf6 7. e5 Nd5 8. e6 Rg8 9. exf7+ Kxf7 10. Bd3 e6 11. h4 Bg7 12. Qg4 Nf6 13. Qe2 e5 14. c3 e4 15. Ba6 d5 16. Bxc8 Qxc8 17. Nd2 Qg4 18. Qxg4 Nxg4 19. Nb3 a5 20. Be3 a4 21. Nd4 c5 22. Ne2 Nxe3 23. fxe3 Be5 24. 0-0-0 Ke6 25. Kc2 Rgc8 26. h5 Rf8 27. hxg6 Rf2 28. Rd2 hxg6 29. Nd4+ cxd4 30. Rxf2 dxe3 31. Re2 d4 32. cxd4 Bxd4 33. Rd1 Rc8+ 34. Kb1 1/2-1/2

[Event "SRB-chT 1st League"]
[Site "Banja Vrujci"]
[Date "2017.09.20"]
[Round "7.1"]
[White "Radovanovic, Mihajlo"]
[Black "Cirakovic, Ivan"]
[Result "1-0"]
[WhiteElo "2369"]
[BlackElo "2159"]
[PlyCount "97"]
[EventDate "2017.09.16"]
[EventType "team"]
[EventRounds "11"]
[EventCountry "SRB"]
[SourceTitle "CBM 180 Extra"]
[Source "ChessBase"]
[SourceDate "2017.10.06"]
[SourceVersion "1"]
[SourceVersionDate "2017.10.06"]
[SourceQuality "1"]
[WhiteTeam "Despotovac Sloga"]
[BlackTeam "Arandjelovac"]
[WhiteTeamCountry "SRB"]
[BlackTeamCountry "SRB"]

1. Nf3 Nf6 2. c4 c6 3. g3 d5 4. Bg2 g6 5. b3 Bg7 6. Bb2 0-0 7. 0-0 Nbd7 8. Nc3 Ne4 9. Qc2 Nxc3 10. Bxc3 Nf6 11. Qb2 Bg4 12. d3 Bxf3 13. Bxf3 Ne8 14. Bxg7 Nxg7 15. cxd5 cxd5 16. Rac1 e6 17. e4 dxe4 18. dxe4 Qd3 19. Kg2 Rfd8 20. Rfd1 Qb5 21. Qf6 Qb6 22. Qe7 Re8 23. Qc7 e5 24. Rd6 Qxc7 25. Rxc7 Ne6 26. Rxb7 a5 27. Rd5 Nd4 28. Rdd7 Rf8 29. Ra7 a4 30. Rxa4 Rxa4 31. bxa4 Nxf3 32. Kxf3 Ra8 33. Rd2 Rxa4 34. Ke3 Ra3+ 35. Ke2 Ra4 36. Kd3 Rd4+ 37. Kc3 Rxe4 38. Kb3 Re1 39. a4 Ra1 40. Ra2 Rb1+ 41. Kc4 Kf8 42. a5 Ke7 43. a6 Rb8 44. a7 Ra8 45. Kc5 Ke6 46. Kc6 f5 47. Kb7 Rxa7+ 48. Rxa7 g5 49. Kc6 1-0

[Event "SRB-chT 1st League"]
[Site "Kragujevac"]
[Date "2016.09.14"]
[Round "6.6"]
[White "Brankovic, Dejan"]
[Black "Cirakovic, Ivan"]
[Result "1-0"]
[WhiteElo "2352"]
[BlackElo "2165"]
[PlyCount "39"]
[EventDate "2016.09.10"]
[EventType "team-tourn"]
[EventRounds "11"]
[EventCountry "SRB"]
[SourceTitle "CBM 174 Extra"]
[Source "ChessBase"]
[SourceDate "2016.10.10"]
[SourceVersion "1"]
[SourceVersionDate "2016.10.10"]
[SourceQuality "1"]
[WhiteTeam "Paracin"]
[BlackTeam "Arandjelovac"]
[WhiteTeamCountry "SRB"]
[BlackTeamCountry "SRB"]

1. e4 c5 2. Nf3 g6 3. c4 Bg7 4. d4 cxd4 5. Nxd4 Qb6 6. Nb3 Nc6 7. Be2 a5 8. a4 Nd4 9. Nxd4 Bxd4 10. 0-0 Bxb2 11. c5 Qf6 12. Bxb2 Qxb2 13. Na3 Qe5 14. Nc4 Qxe4 15. Nb6 Rb8 16. Bb5 Nf6 17. Re1 Qf4 18. g3 Qc7 19. Qd4 Rg8 20. Qxf6 1-0

[Event "SRB-chT 1st League"]
[Site "Kragujevac"]
[Date "2016.09.10"]
[Round "1.4"]
[White "Todorovic, Nenad I"]
[Black "Cirakovic, Ivan"]
[Result "1-0"]
[WhiteElo "2251"]
[BlackElo "2165"]
[PlyCount "120"]
[EventDate "2016.09.10"]
[EventType "team-tourn"]
[EventRounds "11"]
[EventCountry "SRB"]
[SourceTitle "CBM 174 Extra"]
[Source "ChessBase"]
[SourceDate "2016.10.10"]
[SourceVersion "1"]
[SourceVersionDate "2016.10.10"]
[SourceQuality "1"]
[WhiteTeam "Nis Svitanja"]
[BlackTeam "Arandjelovac"]
[WhiteTeamCountry "SRB"]
[BlackTeamCountry "SRB"]

1. e4 c5 2. Nf3 Nc6 3. d4 cxd4 4. Nxd4 Nf6 5. Nc3 g6 6. Nxc6 dxc6 7. Qxd8+ Kxd8 8. Bc4 Be6 9. Bxe6 fxe6 10. e5 Nd7 11. f4 g5 12. Ne4 h6 13. fxg5 b6 14. Bf4 Bg7 15. 0-0-0 Ke8 16. gxh6 Bxh6 17. Bxh6 Rxh6 18. Ng5 Nxe5 19. Rhe1 Nf7 20. Nxe6 Rc8 21. h3 Nd6 22. Ng5 Kd7 23. Nf7 Rh7 24. Nxd6 exd6 25. Rd3 Rg8 26. g4 Rgh8 27. Ree3 Rf8 28. Rf3 Rhf7 29. Rxf7+ Rxf7 30. Kd1 Rf1+ 31. Ke2 Rh1 32. Re3 d5 33. Rg3 Ke7 34. g5 Kf7 35. Kf3 Rh2 36. Kg4 Rxc2 37. Rf3+ Kg7 38. h4 Rg2+ 39. Kf5 Rxb2 40. Kg4 Rg2+ 41. Kf5 Rh2 42. Ra3 Rf2+ 43. Kg4 Rg2+ 44. Kh5 Kf7 45. Rxa7+ Ke6 46. Kg6 d4 47. Ra8 Kd7 48. Ra3 c5 49. Rd3 Ke6 50. h5 Ke5 51. Rf3 Rxa2 52. h6 Rh2 53. h7 c4 54. Rf2 Rh1 55. Rf1 Rh2 56. Kg7 d3 57. h8Q Rxh8 58. Kxh8 c3 59. g6 d2 60. g7 c2 1-0

[Event "SRB-chT3 North CS"]
[Site "Serbia"]
[Date "2012.09.23"]
[Round "4.5"]
[White "Cirakovic, Ivan"]
[Black "Jovanovic, Zeljko"]
[Result "1/2-1/2"]
[WhiteElo "2188"]
[BlackElo "2135"]
[PlyCount "100"]
[EventDate "2012.09.21"]
[EventType "team"]
[EventRounds "10"]
[EventCountry "SRB"]
[SourceTitle "EXT 2015"]
[Source "ChessBase"]
[SourceDate "2014.11.20"]
[SourceVersion "1"]
[SourceVersionDate "2014.11.20"]
[SourceQuality "1"]

1. e4 c5 2. Nc3 Nc6 3. g3 g6 4. Bg2 Bg7 5. Nge2 Nd4 6. d3 d6 7. h3 Nf6 8. 0-0 0-0 9. f4 e5 10. g4 h6 11. Be3 Rb8 12. Qd2 Kh7 13. Ng3 Bxg4 14. fxe5 Nh5 15. Nxh5 Bxh5 16. exd6 b5 17. Rae1 Qxd6 18. Bf4 Be5 19. Bxh6 Qe7 20. Nd5 Qh4 21. Bf4 Bxf4 22. Rxf4 Qg3 23. Nf6+ Kg7 24. Nxh5+ gxh5 25. Kh1 f5 26. Rg1 fxe4 27. Bxe4 Qxg1+ 28. Kxg1 Rxf4 29. c3 Ne6 30. Bd5 Rf6 31. Qe3 Re8 32. Bxe6 Rexe6 33. Qxc5 Re1+ 34. Kg2 h4 35. Qh5 Re3 36. Qxh4 Rxd3 37. Qe1 Rg6+ 38. Kh2 Rdd6 39. Qe7+ Kg8 40. Qe8+ Kg7 41. Qe3 a5 42. h4 Rde6 43. Qd4+ Kh7 44. h5 Re2+ 45. Kh3 Rge6 46. Kg3 Kh6 47. Kf4 Kxh5 48. Kf5 Rg6 49. Qh8+ Rh6 50. Qd4 Rg6 1/2-1/2